[Event "Eikrem mem"]
[Site "Gausdal"]
[Date "1996.??.??"]
[Round "2"]
[White "Gausel, Einar"]
[Black "Moen, Ole Christian"]
[Result "1/2-1/2"]
[WhiteElo "2520"]
[BlackElo "2270"]

1.d4 Nf6 2.c4 g6 3.Nc3 Bg7 4.e4 O-O 5.Nf3 d6 6.Be2 e5 7.O-O Nbd7 8.Be3 c6
9.d5 c5 10.Ne1 Ne8 11.Nd3 f5 12.exf5 gxf5 13.f4 b6 14.Qd2 Qf6 15.Rac1 Kh8
16.Kh1 a6 17.a4 Qg6 18.fxe5 dxe5 19.a5 Nd6 20.b3 f4 21.Bg1 Bh6 22.Qb2 e4
23.Nxe4+ Bg7 24.Nc3 Ne4 25.Nxf4 Qh6 26.Be3 b5 27.cxb5 axb5 28.Bd3 Ng3+ 29.Kg1 Nxf1
30.Rxf1 b4 31.Ng6+ Qxg6 32.Rxf8+ Nxf8 33.Bxg6 bxc3 34.Qa3 hxg6 35.Qxc5 Bf5
36.g4 Rc8 37.Qb4 Bd3 38.Qb6 Re8 39.Kf2 c2 40.Bc1 Re2+ 41.Kf3 Re1 42.Bg5 Be4+
43.Kf2 c1=Q 44.Bxc1 Rxc1 45.d6 Rd1 46.Qd8 Kg8 47.a6 Bd4+ 48.Ke2 Ra1 49.d7 Ra2+
50.Kd1 Bc2+ 51.Ke1 Bc3+ 52.Ke2 Bf5+ 53.Kf3 Bxd7 54.Qa8 Be6 55.Qc6 Be1 56.Qb7 Bf2
57.b4 Nd7 58.Kf4 Bd4 59.h4 Nf6 60.Kg5 Bf7 61.Kf4 Bd5 62.Qc8+ Kf7 63.Qc7+ Ke8
64.Kg5 Nd7 65.Qd6 Bf6+ 66.Kxg6 Bf7+ 67.Kf5 Be5 68.Qc6 Ke7 69.g5 Rf2+ 70.Ke4 Rf4+
71.Ke3 Rxh4 72.g6 Bd4+ 73.Kd2 Rh2+ 74.Ke1 Be6 75.g7 Ne5 76.Qxe6+ Kxe6 77.g8=Q+ Kf5
78.Qd5 Be3 79.Kd1 Rh4 80.b5 Rd4+ 81.Qxd4 Bxd4 82.Kc2 Ke4 83.Kb3 Kd5 84.Kc2 Kc4
85.b6 Bxb6 86.Kd2 Bd4 87.Ke2 Kb5 88.Kf1 Kc4 89.Kg2  1/2-1/2

[Event "Eikrem mem"]
[Site "Gausdal"]
[Date "1996.??.??"]
[Round "6"]
[White "Ogaard, Leif"]
[Black "Gabrielsen, Stig"]
[Result "1-0"]
[WhiteElo "2435"]
[BlackElo "2225"]

1.Nf3 d6 2.d4 g6 3.c4 Bg7 4.Nc3 Nf6 5.e4 O-O 6.Be2 e5 7.Be3 Na6 8.O-O Qe8
9.dxe5 dxe5 10.h3 Qe7 11.Nd5 Qd8 12.Qc2 c6 13.Nc3 Nh5 14.Rfe1 Nf4 15.Bf1 Qf6
16.Nd2 Rd8 17.a3 Nc7 18.c5 Nce6 19.Nc4 Nd4 20.Bxd4 exd4 21.e5 Nxh3+ 22.gxh3 Qg5+
23.Kh1 dxc3 24.Qxc3 Be6 25.Nd6 Bd5+ 26.f3 Qg3 27.Bg2 Bh6 28.Rad1 Bf4 29.Kg1 Be6
30.Re2 Bxh3 31.Kf1 Bxe5 32.Qxe5 Bxg2+ 33.Kg1 Qxe5 34.Rxe5 Bxf3 35.Rf1 Bd5
36.Re7 f5 37.Rfe1 b6 38.Ne8 Bf7 39.Nd6 Rxd6 40.cxd6 Rd8 41.d7 Kg7 42.R1e6 Kf8
43.Re1 Kg7 44.R1e6 Kf8 45.Re1 h5 46.Kg2 h4 47.Kh3 g5 48.R1e2 c5 49.a4 Kg7
50.R2e6 c4 51.Rd6 a6 52.Re5 Bg6 53.Ree6 Bf7 54.Re5 Bg6 55.a5 bxa5 56.Rc5 Be8
57.dxe8=Q Rxe8 58.Rxf5 Re3+ 59.Kg4  1-0

[Event "BEL-ch"]
[Site "Geel"]
[Date "1996.??.??"]
[Round "5"]
[White "Goormachtigh, Johan"]
[Black "Ahn, Martin"]
[Result "1/2-1/2"]
[WhiteElo "2290"]
[BlackElo "2320"]

1.d4 Nf6 2.c4 g6 3.Nc3 Bg7 4.e4 d6 5.Nf3 O-O 6.Be2 e5 7.Be3 h6 8.O-O Ng4
9.Bc1 Nc6 10.d5 Ne7 11.Ne1 f5 12.Bxg4 fxg4 13.Be3 g5 14.c5 Ng6 15.a4 Nf4
16.Rc1 a6 17.b4 Bd7 18.Nd3 Rf6 19.Nb2 Bf8 20.Nc4 Qe8 21.Na5 Rb8 22.c6 bxc6
23.Nxc6 Ra8 24.b5 axb5 25.Nxb5 Qh5 26.Nxc7 Rc8 27.Nb5 Qe8 28.Nba7 Ra8 29.a5 Qg6
30.Rc4 Rf7 31.a6 Be8 32.Qxg4 h5 33.Qd1 g4 34.Re1 Bh6 35.Rb4 Nh3+ 36.gxh3 gxh3+
37.Kf1 Qg2+ 38.Ke2 Bxe3 39.Rg1 Rxf2+ 40.Kd3 Rd2+ 41.Qxd2 Bxg1 42.Rb7 Qxd2+
43.Kxd2 Bxh2 44.Ke2 Bg1 45.Kf1 h2 46.Kg2 h4 47.Nc8 Bh5 48.Rb3 Rxa6 49.Nxd6 Ra2+
50.Kh1 Bf2 51.Nf5 Kf7  1/2-1/2

[Event "Geneve op"]
[Site "Geneve"]
[Date "1996.??.??"]
[Round "7"]
[White "Gurevich, Dmitry"]
[Black "Touzane, Olivier"]
[Result "1-0"]
[WhiteElo "2535"]
[BlackElo "2500"]

1.d4 Nf6 2.c4 g6 3.Nc3 Bg7 4.e4 d6 5.Nf3 O-O 6.Be2 e5 7.d5 a5 8.h3 Na6 9.Bg5 Qe8
10.Nd2 Bd7 11.g4 h6 12.Be3 Nh7 13.h4 f5 14.gxf5 gxf5 15.exf5 Bxf5 16.Rg1 Kh8
17.Nde4 Nf6 18.Bf3 Nxe4 19.Nxe4 Bh7 20.Bh5 Qd7 21.Bg6 Bxg6 22.Rxg6 Qf5 23.Qg4 Qxg4
24.Rxg4 Rab8 25.a4 b6 26.O-O-O Rf7 27.Rdg1 Nc5 28.Nxc5 bxc5 29.Bd2 Kh7 30.Kc2 e4
31.b3 Re8 32.R1g2 Bd4 33.Rg6 e3 34.fxe3 Rg7 35.h5 Bf6 36.e4 Rxg6 37.Rxg6 Bg5
38.Bc3 Re7 39.Kd3 Rf7 40.Ke2 Re7 41.Re6 Rxe6 42.dxe6 Bd8 43.Bxa5 Kg7 44.Bc3+ Kf8
45.a5  1-0

[Event "OL-SW 9596"]
[Site "GER"]
[Date "1996.??.??"]
[Round "?"]
[White "Behling, Robert"]
[Black "Scherer, Ralf"]
[Result "0-1"]
[WhiteElo "2290"]
[BlackElo "2240"]

1.c4 g6 2.e4 Bg7 3.d4 d6 4.Nc3 Nf6 5.Nf3 O-O 6.Be2 Nbd7 7.O-O e5 8.Re1 exd4
9.Nxd4 Re8 10.f3 a5 11.Ndb5 Nc5 12.Bg5 Ne6 13.Bh4 g5 14.Bf2 Nf4 15.Qd2 N6h5
16.Rad1 Nxe2+ 17.Rxe2 Nf4 18.Ree1 Bd7 19.c5 Bxb5 20.Nxb5 dxc5 21.Qc2 Qc8
22.Bxc5 Be5 23.Bd4 c6 24.Bxe5 Rxe5 25.Nd6 Qc7 26.Qc3 Qe7 27.g3 Ng6 28.Re3 Qe6
29.a4 Qh3 30.f4 gxf4 31.gxf4 Qg4+ 32.Rg3 Qxd1+ 33.Kf2 Rh5 34.Qf6 Rxh2+ 35.Ke3 Qd2+
36.Kf3 Qe2+  0-1

[Event "OL-SW 9596"]
[Site "GER"]
[Date "1996.??.??"]
[Round "?"]
[White "Behling, Robert"]
[Black "Balcerak, Jakob"]
[Result "0-1"]
[WhiteElo "2290"]
[BlackElo "2250"]

1.c4 g6 2.e4 Bg7 3.d4 d6 4.Nc3 Nf6 5.Nf3 O-O 6.Be2 e5 7.dxe5 dxe5 8.Qxd8 Rxd8
9.Bg5 Re8 10.O-O-O c6 11.Nxe5 Nxe4 12.Nxe4 Bxe5 13.Rhe1 Na6 14.Nf6+ Bxf6
15.Bxf6 Nc5 16.Bd4 Ne6 17.Bc3 Nf4 18.Bf1 Bf5 19.f3 Rxe1 20.Bxe1 Re8 21.Bf2 g5
22.a3 a6 23.Rd6 h5 24.Kd2 Ne6 25.Be3 Kf8 26.c5 Ke7 27.Bc4 f6 28.b4 Nc7 29.Bd4 Be6
30.Bxe6 Nxe6 31.Bb2 Rd8 32.Rxd8 Nxd8 33.Ke3 Ke6 34.g4 hxg4 35.fxg4 f5 36.gxf5+ Kxf5
37.h3 Ne6 38.Kf3 Nf4 39.Kg3 a5 40.bxa5 Ne6 41.h4 gxh4+ 42.Kxh4 Nxc5 43.Kg3 Ke4
44.Kg4 Nb3 45.Bc3 Kd3 46.Be1 c5 47.Kf5 c4 48.Ke5 Nd2 49.Kd6 c3 50.Kc7 c2
51.Bxd2 Kxd2 52.Kxb7 c1=Q 53.a6 Qh1+ 54.Kb8 Qc6  0-1

[Event "BL2-O9697"]
[Site "Germany"]
[Date "1996.??.??"]
[Round "?.3"]
[White "Kunze, Carlo"]
[Black "Hesse, Peter"]
[Result "1-0"]
[WhiteElo "2325"]
[BlackElo "2330"]

1.d4 Nf6 2.c4 g6 3.Nc3 Bg7 4.e4 d6 5.Be2 O-O 6.Nf3 e5 7.d5 Nbd7 8.Bg5 h6
9.Bh4 a6 10.Nd2 Qe8 11.O-O Nh7 12.b4 Ng5 13.Rc1 f5 14.f3 Bf6 15.Bf2 Be7 16.Nb3 Nf6
17.Bd3 Nh5 18.c5 Nf4 19.Na5 Qf7 20.Be3 Qf6 21.Kh1 Nxd3 22.Qxd3 f4 23.Bf2 Nf7
24.Nc4 g5 25.cxd6 Bxd6 26.Nxd6 cxd6 27.Na4 Bd7 28.Qb3 Bb5 29.Rfe1 h5 30.Nb6 Rad8
31.a4 Be8 32.Qd1 Qg6 33.Rc7 Kh8 34.Rxb7 Rg8 35.Rg1 Qf6 36.Qe1 Nh6 37.Ra7 Rb8
38.Rxa6 g4 39.Bh4 Qg7 40.Nc4 gxf3 41.gxf3 Qxg1+ 42.Qxg1 Rxg1+ 43.Kxg1 Rxb4
44.Nxd6 Bxa4 45.Bf6+ Kh7 46.Bxe5 Bd1 47.Ra7+ Kg8 48.Bxf4  1-0

[Event "BL2-O9596"]
[Site "Germany"]
[Date "1996.??.??"]
[Round "?"]
[White "Naumann, Alexander"]
[Black "Bewersdorff, Oliver"]
[Result "1-0"]
[WhiteElo "2335"]
[BlackElo "2385"]

1.d4 Nf6 2.c4 g6 3.Nc3 Bg7 4.e4 d6 5.Nf3 O-O 6.Be2 e5 7.d5 a5 8.h3 Na6 9.Bg5 Nc5
10.Nd2 h6 11.Be3 Nh7 12.h4 f5 13.h5 Qf6 14.Kf1 Ng5 15.Qc2 Bd7 16.Re1 Ncxe4
17.Ndxe4 Nxe4 18.Nxe4 fxe4 19.hxg6 Qxg6 20.Bh5 Qf5 21.Rh4 Qf6 22.g3 c6 23.Bg4 Qxh4
24.gxh4 Bxg4 25.Qb3 cxd5 26.cxd5 Rf7 27.Rc1 Bf6 28.Bxh6 Bxh4 29.Be3 Raf8
30.Qb6 Rf6 31.Rc7 Rg6 32.Rxb7 Bc8 33.Rb8 Rgf6 34.Ke1 Rf3 35.Ra8 Rh3 36.Kd2 Rhf3
37.Qxd6 R3f6 38.Qxe5  1-0

[Event "BL2-O9596"]
[Site "Germany"]
[Date "1996.??.??"]
[Round "?"]
[White "Legde, Georg"]
[Black "Matthey, Harald"]
[Result "0-1"]
[WhiteElo "2235"]
[BlackElo "2330"]

1.d4 d6 2.Nf3 g6 3.c4 Bg7 4.Nc3 Nf6 5.e4 O-O 6.Be2 e5 7.O-O Na6 8.Be3 Bg4
9.d5 Nc5 10.h3 Bxf3 11.Bxf3 a5 12.Qc2 Nfd7 13.Bg4 h5 14.Be2 Kh7 15.b3 Bh6
16.Bxh6 Kxh6 17.a3 a4 18.b4 Nb3 19.Rab1 f5 20.exf5 gxf5 21.f4 e4 22.Rbd1 Qf6
23.Nb5 Rg8 24.Kh1 Rg3 25.Rg1 Qh4 26.Bf1 Qxf4 27.Nxc7 Rag8 28.Ne6 Qe3  0-1

[Event "BL2-N9596"]
[Site "Germany"]
[Date "1996.??.??"]
[Round "?"]
[White "Kleeschaetzky, Ralf"]
[Black "Penzold, Andreas"]
[Result "1/2-1/2"]
[WhiteElo "2295"]
[BlackElo "2260"]

1.Nf3 Nf6 2.c4 g6 3.Nc3 Bg7 4.e4 d6 5.d4 O-O 6.Be2 e5 7.O-O Nbd7 8.Re1 c6
9.Bf1 exd4 10.Nxd4 Re8 11.Rb1 Ng4 12.Qxg4 Bxd4 13.Qd1 Qf6 14.Be3 Bxe3 15.Rxe3 Ne5
16.Rg3 h5 17.h3 h4 18.Re3 Kg7 19.Qd2 Be6 20.b3 Rad8 21.Rd1 g5 22.Be2  1/2-1/2

[Event "Landesliga Nord 9697 Bayern"]
[Site "Germany"]
[Date "1996.??.??"]
[Round "?"]
[White "Stocek, Jiri"]
[Black "Delitzsch, Juergen"]
[Result "1-0"]
[WhiteElo "2495"]
[BlackElo "2225"]

1.d4 Nf6 2.c4 g6 3.Nc3 Bg7 4.e4 d6 5.Be2 O-O 6.Nf3 e5 7.O-O Na6 8.Re1 c6
9.d5 Nc5 10.Bf1 cxd5 11.cxd5 a5 12.b3 Bd7 13.Ba3 Rc8 14.Rc1 Ne8 15.Bb5 Bh6
16.Rc2 f5 17.Bxd7 Qxd7 18.exf5 gxf5 19.Na4 Nxa4 20.bxa4 Nf6 21.h3 Rxc2 22.Qxc2 Rc8
23.Qb3 Ne4 24.Qb6 Bf4 25.Qxa5 Qg7 26.Qb5 Kh8 27.Qe2 Rg8 28.Qf1 Qh6 29.Kh1 Qh5
30.Bc1 Rg3 31.Bxf4 Rxf3 32.gxf3 Qxf3+ 33.Kg1 Qxf4 34.Re3 Ng5 35.Qg2 e4 36.Qg3 Nf3+
37.Kh1 Qh6 38.Rc3 Ng5 39.Rc8+ Kg7 40.h4  1-0

[Event "Oberliga Nord N9596"]
[Site "Germany"]
[Date "1996.??.??"]
[Round "?"]
[White "Dankert, Peter"]
[Black "Heinsohn, Wilfried"]
[Result "0-1"]
[WhiteElo "2275"]
[BlackElo "2200"]

1.d4 Nf6 2.c4 g6 3.Nc3 Bg7 4.e4 d6 5.Nf3 O-O 6.Be2 e5 7.d5 Nbd7 8.Bg5 h6
9.Bh4 Nc5 10.Nd2 c6 11.b4 Na6 12.Rb1 cxd5 13.cxd5 Bd7 14.Qb3 Rc8 15.Rc1 g5
16.Bg3 h5 17.f3 h4 18.Bf2 Nh5 19.O-O Nf4 20.Rfe1 g4 21.fxg4 Bh6 22.Rcd1 h3
23.g3 Nxe2+ 24.Nxe2 Bxg4 25.Nf1 Qf6 26.a3 Rc7 27.Qd3 Rfc8 28.Nd2 Rc2 29.Rf1 Rxd2
30.Rxd2 Bxd2 31.Be1 Qg6 32.Bxd2 Rc7 33.Nc3 Nb8 34.Nb5 Re7 35.Nxa7 Nd7 36.Nb5 Nf8
37.Nc3 Nh7 38.Qe3 Rc7 39.Qd3 Ng5 40.Bxg5 Qxg5 41.Re1 b5 42.Qe3 Qxe3+ 43.Rxe3 Rc4
44.Kf2 Rd4 45.Ke1 Kg7 46.Ne2 Rc4 47.Kd2 Kg6 48.Nc3 f5 49.exf5+ Bxf5 50.Kc1 Kf6
51.Kb2 Rd4 52.Re2 e4 53.Nxb5 Rxd5 54.a4 Rd1 55.Nc3 Rd4 56.b5 d5 57.b6 Ke5
58.Nb5 Rxa4 59.Kb3 Ra6 60.Kb4 Rxb6  0-1

[Event "BL2-O9596"]
[Site "Germany"]
[Date "1996.??.??"]
[Round "?"]
[White "David, Rene"]
[Black "Machelett, Heiko"]
[Result "1-0"]
[WhiteElo "2240"]
[BlackElo "2345"]

1.d4 g6 2.c4 Bg7 3.Nc3 d6 4.Nf3 Nf6 5.e4 O-O 6.Be2 e5 7.d5 a5 8.h3 Nh5 9.g3 f5
10.exf5 gxf5 11.Ng5 Nf6 12.g4 Qe7 13.Rg1 Na6 14.Qc2 Nb4 15.Qb3 fxg4 16.hxg4 e4
17.Be3 Nd3+ 18.Kd2 h6 19.Ngxe4 a4 20.Nxf6+ Qxf6 21.Qc2 Nf4 22.Bf3 Nh3 23.Rg3 Ng5
24.Bh1 Bd7 25.f4 Nf7 26.Be4 Qh4 27.Rag1 a3 28.g5 h5 29.b3 Rfe8 30.Ne2 Re7
31.Rh1 Qxh1 32.Bxh1 Rae8 33.f5 Re5 34.Nd4 h4 35.Rf3 Re4 36.f6 Bg4 37.Ne6 Bxf3
38.Bxf3 Rxe3 39.Qg6  1-0

[Event "Landesliga N9596 Bayern"]
[Site "Germany"]
[Date "1996.??.??"]
[Round "?"]
[White "Sinkovics, Peter"]
[Black "Delitzsch, Juergen"]
[Result "1-0"]
[WhiteElo "2300"]
[BlackElo "2230"]

1.d4 Nf6 2.c4 g6 3.Nc3 Bg7 4.e4 d6 5.Nf3 O-O 6.Be2 e5 7.O-O Na6 8.Be3 Ng4
9.Bg5 Qe8 10.h3 Nf6 11.d5 Nh5 12.Qd2 f5 13.exf5 gxf5 14.Rfe1 Nf6 15.Nh4 Nc5
16.Bf3 a5 17.Qc2 e4 18.Be2 Bd7 19.Be3 b6 20.g3 Qf7 21.Ng2 Rae8 22.Nf4 Kh8
23.Rad1 Re7 24.Nb5 Bxb5 25.cxb5 Nfd7 26.b3 Ne5 27.Bh5 Qg8 28.Kh1 Ned3 29.Rg1 Be5
30.Be2 Rg7 31.Bxd3 exd3 32.Qc4 Qf7 33.Bxc5 Bxf4 34.Bd4 Be5 35.Bxe5 dxe5 36.Rxd3 f4
37.g4 Qg6 38.f3 Qh6 39.Kh2 Qh4 40.Qe4 Rf6 41.Qe1 Qg5 42.Rd2 Rh6 43.Re2 Re7
44.Qf2 Qg8 45.Rd1 Rd6 46.Qh4 Qg7 47.Qh5 Rh6 48.Qf5 Rf6 49.Qe4 Qg5 50.Red2 Rd6
51.Kg2 Kg7 52.Qe1 Rf6 53.h4 Qg6 54.h5 Qe8 55.Re2 Rd6 56.Qc3 Kf6 57.Qc4 Qd7
58.Kh3 Qe8 59.Qe4 Kg7 60.Qf5 h6 61.Qd3 Qf7 62.Qc4 Kf8 63.Qe4 Kg7 64.Rc2 Rdd7
65.Rc6 Rd6 66.Rxd6 cxd6 67.Rc1 Rc7 68.Rxc7 Qxc7 69.Qg6+ Kf8 70.Qxh6+ Kg8
71.Qg6+ Kf8 72.h6 Qc1 73.Kh4  1-0

[Event "BL2-S9596"]
[Site "Germany"]
[Date "1996.??.??"]
[Round "?"]
[White "Kratochwil, Christian"]
[Black "Syska, Albert"]
[Result "1/2-1/2"]
[WhiteElo "2340"]
[BlackElo "2275"]

1.c4 Nf6 2.Nc3 g6 3.e4 d6 4.d4 Bg7 5.Be2 O-O 6.Nf3 Na6 7.O-O e5 8.h3 exd4
9.Nxd4 Nc5 10.Bf3 Re8 11.Re1 a5 12.b3 c6 13.Bf4 Qb6 14.Rb1 Bd7 15.Bxd6 Nfxe4
16.Bxe4 Nxe4 17.Nxe4 Qxd4 18.Qxd4 Bxd4 19.Rbd1 Bg7 20.Nc5 Bc3 21.Re7 Bf5
22.Nxb7 Rxe7 23.Bxe7 Ra7 24.Rd8+ Kg7 25.Bf8+ Kf6 26.Nc5 Bb1 27.f4 Kf5 28.Bh6 Bb4
29.g4+ Kf6 30.Rd6+ Ke7 31.Rxc6 Bxc5+ 32.Rxc5 Bxa2 33.Rb5 a4 34.bxa4 Bxc4
35.Rb4 Bd5 36.Bg7  1/2-1/2

[Event "Landesliga S9596 Bayern"]
[Site "Germany"]
[Date "1996.??.??"]
[Round "?"]
[White "Lenz, Thomas"]
[Black "Klundt, Klaus"]
[Result "1/2-1/2"]
[WhiteElo "2240"]
[BlackElo "2320"]

1.d4 Nf6 2.c4 g6 3.Nc3 Bg7 4.e4 O-O 5.Nf3 d6 6.Be2 e5 7.O-O exd4 8.Nxd4 Re8
9.f3 Nc6 10.Nxc6 bxc6 11.Bg5 h6 12.Bh4 g5 13.Bf2 c5 14.Qd2 Be6 15.e5 dxe5
16.Qxd8 Rexd8 17.Bxc5 Rd2 18.b3 e4 19.Be3 Rc2 20.Rac1 Rxc3 21.Rxc3 Ng4 22.fxg4 Bxc3
23.Rd1 a5 24.Bd4 Bb4 25.Be5 Bc5+ 26.Kf1 Rc8 27.Bf6 Bd6 28.g3 Kh7 29.Kf2 a4
30.Ke3 axb3 31.axb3 Rb8 32.Rb1 Kg6 33.Bd4 c5 34.Bc3 f5 35.gxf5+ Bxf5 36.Bd1 h5
37.Bc2 h4 38.Rd1 Bc7 39.Rd5 hxg3 40.hxg3 Bxg3 41.Be5 Bxe5  1/2-1/2

[Event "Landesliga N9596 Bayern"]
[Site "Germany"]
[Date "1996.??.??"]
[Round "?"]
[White "Sinkovics, Peter"]
[Black "Reis, Gerhard"]
[Result "1-0"]
[WhiteElo "2300"]
[BlackElo "2200"]

1.d4 Nf6 2.Nf3 g6 3.c4 Bg7 4.Nc3 O-O 5.e4 d6 6.Be2 e5 7.O-O exd4 8.Nxd4 Re8
9.f3 c6 10.Kh1 Nbd7 11.Bg5 Nc5 12.b4 Ne6 13.Nxe6 Bxe6 14.Qd2 Qb6 15.Rab1 Nd7
16.Nd5 Bxd5 17.Be3 Bxe4 18.Bxb6 Bxb1 19.Bc7 Bf5 20.Bxd6 Ne5 21.g4 Be6 22.Qc2 a5
23.h3 g5 24.a3 axb4 25.Bxb4 h6 26.Bd6 Nd7 27.h4 c5 28.hxg5 hxg5 29.Kg2 Be5
30.Rd1 Bxd6 31.Rxd6 Nf8 32.Qc1 f6 33.Bd3 Rad8 34.Rxd8 Rxd8 35.Be4 Rd4 36.Qb1 Rxc4
37.Qxb7 Rd4 38.Qe7 Ra4 39.Bh7+ Nxh7 40.Qe8+  1-0

[Event "Landesliga N9596 Bayern"]
[Site "Germany"]
[Date "1996.??.??"]
[Round "?"]
[White "Gazmaga, Stefan"]
[Black "Seibold, Hubert"]
[Result "0-1"]
[WhiteElo "2135"]
[BlackElo "2215"]

1.c4 Nf6 2.Nc3 g6 3.e4 d6 4.d4 Bg7 5.Be2 O-O 6.Nf3 e5 7.O-O exd4 8.Nxd4 Re8
9.f3 Nc6 10.Be3 Nh5 11.Nxc6 bxc6 12.Qd2 c5 13.g4 Nf6 14.Rad1 Bb7 15.Bg5 Qc8
16.b3 Nd7 17.Nd5 Bxd5 18.cxd5 Qb7 19.Rb1 Bd4+ 20.Kg2 f6 21.Bf4 a5 22.a4 Re7
23.Bb5 Qb6 24.Rbe1 Ne5 25.Re2 g5 26.Bg3 Ng6 27.f4 gxf4 28.Bxf4 Nxf4+ 29.Rxf4 Rg7
30.Kf3 Kh8 31.Rf5 Rag8 32.Rg2 Be5 33.h4 c4 34.bxc4 Qc5 35.Qd3 Qb4 36.Qe3 Qb1
37.Rg1 Qc2 38.Qf2 Qxf2+ 39.Kxf2 Bd4+  0-1

[Event "BL2-O9596"]
[Site "Germany"]
[Date "1996.??.??"]
[Round "?"]
[White "Hesse, Peter"]
[Black "Reh, Philipp"]
[Result "1/2-1/2"]
[WhiteElo "2325"]
[BlackElo "2135"]

1.d4 Nf6 2.Nf3 g6 3.c4 Bg7 4.Nc3 O-O 5.e4 d6 6.Be2 e5 7.O-O exd4 8.Nxd4 Re8
9.f3 Nc6 10.Nc2 Nh5 11.Nd5 f5 12.g4 fxg4 13.fxg4 Be5 14.Rf2 Ng7 15.g5 Rf8  1/2-1/2

[Event "BL2-N9596"]
[Site "Germany"]
[Date "1996.??.??"]
[Round "?"]
[White "Thinius, Marco"]
[Black "Polzin, Rainer"]
[Result "1/2-1/2"]
[WhiteElo "2310"]
[BlackElo "2400"]

1.Nf3 Nf6 2.d4 g6 3.c4 Bg7 4.Nc3 O-O 5.e4 d6 6.Be2 e5 7.O-O exd4 8.Nxd4 Re8
9.f3 Nc6 10.Be3 Nh5 11.f4 Nf6 12.Nxc6 bxc6 13.Bf3 Bd7 14.Qd3 Bg4 15.Bd2 Qb8
16.b3 Qb6+ 17.Kh1 Bxf3 18.gxf3 Nd7 19.Na4 Qd4 20.Qxd4 Bxd4 21.Rae1 Nb6 22.Nxb6 axb6
23.a4 Reb8 24.Be3 Bxe3 25.Rxe3 b5 26.cxb5 cxb5 27.axb5 Rxb5 28.Kg2 Kf8 29.Rc1 c5
30.Rd1 Rb6 31.e5 dxe5 32.fxe5 Ra3 33.Rdd3 Ke7 34.Rc3 Rb5 35.Rcd3 h5 36.Kg3 Rb4
37.Rc3 g5 38.Rxc5 Rbxb3 39.Rxb3 Rxb3 40.e6 f6 41.h4 gxh4+ 42.Kxh4 Rxf3 43.Kxh5 Rg3
44.Rc6 f5 45.Kh4 Rg6 46.Kh3  1/2-1/2

[Event "BL2-S9596"]
[Site "Germany"]
[Date "1996.??.??"]
[Round "?"]
[White "Fahnenschmidt, Gerhard"]
[Black "Lorscheid, Gerhard"]
[Result "1-0"]
[WhiteElo "2400"]
[BlackElo "2300"]

1.d4 Nf6 2.c4 g6 3.Nc3 Bg7 4.e4 d6 5.Be2 O-O 6.Nf3 e5 7.O-O exd4 8.Nxd4 Re8
9.f3 Nc6 10.Be3 Nh5 11.f4 Nf6 12.Bf3 Bg4 13.Nxc6 Bxf3 14.Qxf3 bxc6 15.Rae1 Nd7
16.Bd2 Qb8 17.b3 Qb6+ 18.Kh1 Qd4 19.Rd1 Nc5 20.e5 dxe5 21.fxe5 Bxe5 22.Be1  1-0

[Event "Oberliga Nord W9596"]
[Site "Germany"]
[Date "1996.??.??"]
[Round "?"]
[White "Von Alvensleben, Wolfram"]
[Black "Teuchert, Bernd"]
[Result "0-1"]
[WhiteElo "2235"]
[BlackElo "2235"]

1.d4 Nf6 2.c4 g6 3.Nc3 Bg7 4.e4 d6 5.Be2 O-O 6.Nf3 e5 7.O-O exd4 8.Nxd4 c6
9.Be3 Re8 10.f3 d5 11.cxd5 Nxd5 12.Bf2 Nf4 13.Nc2 Qxd1 14.Bxd1 Be6 15.Bd4 Bc4
16.Bxg7 Kxg7 17.Rf2 Na6 18.b3 Be6 19.Nd4 Rad8 20.Nxe6+ Rxe6 21.Bc2 Red6 22.a3 Nc5
23.Rd1 a5 24.Rxd6 Rxd6 25.Kf1 b5 26.g3 Nfe6 27.f4 b4 28.axb4 axb4 29.Na2 Rd4
30.Re2 Nc7 31.Kf2 Nb5 32.Ke3 Kf6 33.e5+ Ke6 34.Re1 Kd7 35.Nc1 Kc7 36.Ne2 Rd8
37.Ra1 Na3 38.Bd1 Rd3+ 39.Kf2 Rd2 40.Ke1 Rb2 41.Rc1 Nd3+  0-1

[Event "Landesliga Sued 9697 Bayern"]
[Site "Germany"]
[Date "1996.??.??"]
[Round "?"]
[White "Wild, Rudolf"]
[Black "Hock, Martin"]
[Result "1-0"]
[WhiteElo "2145"]
[BlackElo "2150"]

1.Nf3 Nf6 2.c4 d6 3.d4 g6 4.Nc3 Bg7 5.e4 O-O 6.Be2 e5 7.d5 Nbd7 8.Bg5 h6
9.Bh4 g5 10.Bg3 Nh5 11.Nd2 Nf4 12.O-O a6 13.b4 c5 14.bxc5 Nxc5 15.Nb3 Nd7
16.a4 b6 17.a5 bxa5 18.Nxa5 Nc5 19.Nc6 Qc7 20.f3 Bd7 21.Na5 Rab8 22.Qd2 f5
23.Bf2 Rfc8 24.Rfc1 g4 25.Kh1 gxf3 26.gxf3 Kh8 27.Be3 Nxe2 28.Qxe2 f4 29.Bf2 Bf6
30.Rg1 Rg8 31.Nc6 Rbf8 32.Bxc5 dxc5 33.Qf2 Qd6 34.Rxa6 Rxg1+ 35.Qxg1 Rg8
36.Qf1 Bh4 37.Nb8 Qxb8 38.Rxh6+ Kg7 39.Rxh4 Qb3 40.Qg1+ Kf8 41.Qxc5+ Kf7
42.Qd6 Qxc3 43.Rh7+ Rg7 44.Qxd7+  1-0

[Event "BL2-N9596"]
[Site "Germany"]
[Date "1996.??.??"]
[Round "?"]
[White "Giemsa, Stephan"]
[Black "Heinig, Wolfram"]
[Result "1/2-1/2"]
[WhiteElo "2310"]
[BlackElo "2320"]

1.Nf3 Nf6 2.c4 g6 3.Nc3 Bg7 4.e4 d6 5.d4 O-O 6.Be2 e5 7.O-O Na6 8.Be3 Ng4
9.Bg5 Qe8 10.h3 exd4 11.Nxd4 Nf6 12.Bf3 Qe5 13.Be3 Bd7 14.Re1 Rfe8 15.Qc2 Rad8
16.Rad1 Nc5 17.Nb3 Nxb3 18.Qxb3 b6 19.Qc2 a5 20.Bd4  1/2-1/2

[Event "Oberliga Nord W9596"]
[Site "Germany"]
[Date "1996.??.??"]
[Round "?"]
[White "Reinert, Jens"]
[Black "Wehe, Matthias"]
[Result "0-1"]
[WhiteElo "1750"]
[BlackElo "2045"]

1.d4 Nf6 2.Nf3 g6 3.c4 Bg7 4.Nc3 O-O 5.e4 d6 6.Be2 Nbd7 7.O-O e5 8.h3 exd4
9.Nxd4 Nc5 10.Bg5 h6 11.Bxf6 Qxf6 12.Ndb5 Qd8 13.b4 Ne6 14.Rc1 a6 15.Na3 Qg5
16.Nd5 Be5 17.Nc2 c6 18.Nde3 Nf4 19.Ne1 Nxh3+ 20.Kh1 Nxf2+ 21.Rxf2 Qh4+  0-1

[Event "Landesliga S9596 Bayern"]
[Site "Germany"]
[Date "1996.??.??"]
[Round "?"]
[White "Mueller, Marcus"]
[Black "Schratzenstaller, Andreas"]
[Result "1-0"]
[WhiteElo "2115"]
[BlackElo "1990"]

1.Nf3 Nf6 2.c4 g6 3.Nc3 Bg7 4.e4 d6 5.d4 O-O 6.Be2 e5 7.O-O Na6 8.d5 Nc5
9.Bg5 a5 10.Nd2 h6 11.Bh4 Bd7 12.b3 g5 13.Bg3 Nfxe4 14.Ndxe4 Nxe4 15.Nxe4 f5
16.f3 fxe4 17.fxe4 Qe7 18.Rxf8+ Rxf8 19.Bg4 Rf7 20.Qe2 Bxg4 21.Qxg4 Qd7 22.Qh5 Qe8
23.Qe2 Rf8 24.Be1 b6 25.Bd2 Qf7 26.h3 Qf6 27.Rf1 Qxf1+ 28.Qxf1 Rxf1+ 29.Kxf1 Kf7
30.Ke2 Kg6 31.Kd3 Bf6 32.g4 Kf7 33.Kc3 Ke7 34.b4 axb4+ 35.Kxb4 Kd7 36.Kb5 Be7
37.Be3 Bd8 38.a4 Kc8 39.Kc6 Be7  1-0

[Event "Landesliga S9596 Bayern"]
[Site "Germany"]
[Date "1996.??.??"]
[Round "?"]
[White "Wild, Rudolf"]
[Black "Heubusch, Michael"]
[Result "1/2-1/2"]
[WhiteElo "2265"]
[BlackElo "2150"]

1.Nf3 g6 2.c4 Nf6 3.Nc3 Bg7 4.d4 O-O 5.e4 d6 6.Be2 e5 7.d5 a5 8.Bg5 h6 9.Bh4 Na6
10.O-O Qe8 11.Nd2 Bd7 12.Qc2 Nh7 13.Rae1 h5 14.f3 Bh6 15.Bf2 b6 16.a3 Qe7
17.Bd3 Kh8 18.Kh1 f5 19.exf5 gxf5 20.Nb5 Rf7 21.Rg1 Rg8 22.Nf1 Qf6 23.Qc3 Rfg7
24.Nxc7 Nxc7 25.Bxb6 Ne8 26.Bxa5 Ng5 27.Nd2 Nh3 28.gxh3 Rxg1+ 29.Rxg1 Rxg1+
30.Kxg1 Be3+ 31.Kf1 Qh4 32.Ke2 Bd4 33.Qc1 Qxh3  1/2-1/2

[Event "Landesliga S9596 Bayern"]
[Site "Germany"]
[Date "1996.??.??"]
[Round "?"]
[White "Schneider, Richard"]
[Black "Scheckenbach, Franz"]
[Result "1/2-1/2"]
[WhiteElo "2215"]
[BlackElo "2145"]

1.d4 Nf6 2.c4 g6 3.Nc3 Bg7 4.e4 d6 5.Nf3 O-O 6.Be2 e5 7.Be3 h6 8.O-O Ng4
9.Bc1 Nd7 10.h3 Ngf6 11.dxe5 dxe5 12.Be3 c6 13.Qc1 Kh7 14.c5 Qe7 15.b4 Nh5
16.Rd1 Nf4 17.Bf1 Ne6  1/2-1/2

[Event "BL9596 (Women)"]
[Site "Germany"]
[Date "1996.??.??"]
[Round "?"]
[White "Schmitz, Manuela"]
[Black "Guenther, Anetta"]
[Result "1/2-1/2"]
[WhiteElo "2040"]
[BlackElo "2130"]

1.d4 Nf6 2.c4 g6 3.Nc3 Bg7 4.e4 d6 5.Nf3 O-O 6.Be2 e5 7.Be3 Ng4 8.Bg5 f6
9.Bh4 Nc6 10.d5 Ne7 11.Nd2 h5 12.h3 Nh6 13.O-O Bd7 14.b4 Qc8 15.Rc1 g5 16.Bg3 h4
17.Bh2 g4 18.hxg4 Nxg4 19.Bxg4 Bxg4 20.f3 Bh5 21.Qe1 Ng6 22.c5 Qe8 23.Nc4 Rd8
24.Ne3 Bh6 25.Rc2 Bxe3+ 26.Qxe3 Rf7 27.Rfc1 Rg7 28.Kh1 Ne7 29.cxd6 cxd6 30.Qxa7 f5
31.Qe3 Qg6 32.Rg1 Kh7 33.Nb5 Rdg8 34.Qe1 h3 35.g4 fxg4 36.fxg4 Bxg4 37.Qh4+ Qh6
38.Rxg4 Rxg4 39.Qxe7+ R8g7 40.Qe6 Qe3 41.Qf5+ Kh6 42.Rf2 Qxe4+ 43.Qxe4 Rxe4
44.Rf1 Rg6 45.a3 Kh5 46.Bg1 Re2 47.Nc3 Rc2 48.Ne4 Kg4 49.Nf6+ Kh4 50.Bf2+ Kg5
51.Be3+ Kh4 52.Bf2+  1/2-1/2

[Event "BL2-N9596"]
[Site "Germany"]
[Date "1996.??.??"]
[Round "?"]
[White "David, Adrian"]
[Black "Babic, Dragojle"]
[Result "1-0"]
[WhiteElo "2315"]
[BlackElo "2315"]

1.Nf3 Nf6 2.c4 g6 3.Nc3 Bg7 4.e4 d6 5.d4 O-O 6.Be2 e5 7.Be3 Nc6 8.d5 Ne7
9.Nd2 Ne8 10.b4 f5 11.f3 a5 12.a3 Nf6 13.bxa5 Rxa5 14.c5 dxc5 15.Nc4 Ra8
16.Bxc5 b6 17.Be3 Ne8 18.O-O Ba6 19.Qb3 Kh8 20.Rfd1 Bxc4 21.Bxc4 Nd6 22.Nb5 Nec8
23.Bd3 fxe4 24.fxe4 Nxb5 25.Qxb5 Nd6 26.Qc6 Qe7 27.a4 Ra7 28.Rdc1 Bf6 29.Rf1 Rfa8
30.Kh1 Kg7 31.Bc2 Ne8 32.Rf3 Qd6 33.Qc3 c5 34.dxc6 Rc8 35.Raf1 Rxc6 36.Qb2 Rac7
37.Bb1 Ra7 38.Bc2 Rac7 39.Bb3 Qb4 40.Qf2 Qxe4 41.Bxb6 Rb7 42.a5 Qb4 43.Bd5 Rbxb6
44.axb6 Rxb6 45.Rb3 Qxb3 46.Bxb3 Rxb3 47.Qa7+ Kh6 48.g3 Bg7 49.Qa4  1-0